| 000 | 00612cam a2200157ua 4500 | ||
|---|---|---|---|
| 041 |
_amal _h |
||
| 082 |
_a8+94.812301 _bKUM/KU |
||
| 110 | 1 |
_aKumaranasan memorial committee . _b _c() |
|
| 245 | _aKumaranasaneppatti | ||
| 250 |
_a2 / _b. |
||
| 260 |
_aTrivandrum : _bKumaranasan memorial committee , _c1968. |
||
| 300 | _a171 ; . | ||
| 504 | _a | ||
| 942 | _cBK | ||
| 999 |
_c11511 _d11511 |
||